LEADER 01307nam a2200289 4500 001 000000354444 003 CaOOAMICUS 005 20230626145411.0 008 230626s1993 it 000 u ita r 020 $a88-428-0107-0 040 $aSeMil$bita 100 1 $aKlein, Étienne.$0(OLS)http://semarc/name/112989 240 10$aConversation avec le Sphinx.$0(OLS)http://semarc/title/444579 245 10$aConversazioni con la Sfinge : $bil ruolo dei paradossi nelle rivoluzioni scientifiche /$cÉtienne Klein. 264 1$aMilano :$bIl Saggiatore,$c1993. 300 $a207 p. ;$c20 cm 490 1 $aLa cultura. Discussioni ;$v7 650 4$aFisica e filosofia.$0(OLS)http://semarc/subject/10524 650 4$aAntinomia.$0(OLS)http://semarc/subject/53982 830 3$aLa cultura. Discussioni ;$v7.$0(OLS)http://semarc/title/444582 850 $aSeMil 852 $aSeMil$W1$xVenegono$y1$m3X I 238$j242793$B245699$CSeMilBibl$Z2$F245699 $81 961 $aPolezzo Stefanin - Lascito 996 $6020$a88-428-0107-0$9(OLS)http://semarc/number/298413 996 $6245$aConversazioni con la Sfinge : $bil ruolo dei paradossi nelle rivoluzioni scientifiche$9(OLS)http://semarc/title/444581 996 $6264$aMilano :$bIl Saggiatore$9(OLS)http://semarc/publisher/30255 LEADER 01050nam a2200265 4500 001 000000355568 003 CaOOAMICUS 005 20231005154818.0 008 231002s2000 it 000 u ita r 020 $a88-87773-17-3 040 $aSeMil$bita 100 1 $aLucrezi, Francesco.$0(OLS)http://semarc/name/4749 245 13$aIl tempo nell'Ebraismo /$cFrancesco Lucrezi. 264 1$aNapoli :$bGrafitalica,$c2000. 300 $a30 p. ;$c17x12 cm 490 1 $aTerzo millennio cristiano ;$v20 650 4$aEbraismo - Studi.$0(OLS)http://semarc/subject/53028 830 0$aTerzo millennio cristiano ;$v20.$0(OLS)http://semarc/title/445786 850 $aSeMil 852 $aSeMil$W1$xVenegono$y1$m5B IV 1/25$j244207$B246823$CSeMilBibl$Z2$F246823 $81 961 $aPolezzo Stefanin - Lascito 996 $6020$a88-87773-17-3$9(OLS)http://semarc/number/299023 996 $6245$aIl tempo nell'Ebraismo$9(OLS)http://semarc/title/445785 996 $6264$aNapoli :$bGrafitalica$9(OLS)http://semarc/publisher/44783